书目信息 |
| 题名: |
农业基础化学
|
|
| 作者: | 彭翠珍 主编 | |
| 分册: | ||
| 出版信息: | 北京 北京师范大学出版社 2006 |
|
| 页数: | 381页 | |
| 开本: | 26cm | |
| 丛书名: | ||
| 单 册: | ||
| 中图分类: | S13 | |
| 科图分类: | ||
| 主题词: | 农业化学--高等教育--教材 , 农业化学 | |
| 电子资源: | ||
| ISBN: | 7-303-08060-0 | |
| 000 | 00864nam0 2200253 450 | |
| 001 | 012015000549 | |
| 005 | 20150914161432.54 | |
| 010 | @a7-303-08060-0@dCNY37.50 | |
| 100 | @a20060529d2006 em y0chiy50 ea | |
| 101 | 0 | @achi |
| 102 | @aCN@b110000 | |
| 105 | @ay z 000yy | |
| 106 | @ar | |
| 200 | 1 | @a农业基础化学@Anong ye ji chu hua xue@f彭翠珍主编 |
| 210 | @a北京@c北京师范大学出版社@d2006 | |
| 215 | @a381页@d26cm | |
| 300 | @a教育部推荐教材 21世纪高职高专系列规划教材 基础课、公共课 | |
| 330 | @a本书涵盖无机化学、有机化学、分析化学、生物化学的基础知识、化学计算技能和操作技能。介绍了化学实验基本操作原理、基本操作方法和常用仪器的使用方法。 | |
| 606 | 0 | @a农业化学@x高等教育@j教材 |
| 606 | 0 | @a农业化学 |
| 690 | @aS13@v5 | |
| 701 | 0 | @a彭翠珍@Apeng cui zhen@c(女,@f1965~)@4主编 |
| 801 | 0 | @aCN@b碧洲教育@c20150718 |
| 905 | @a10447@f4@dS13@e82 | |
| 农业基础化学/彭翠珍主编.-北京:北京师范大学出版社,2006 |
| 381页;26cm |
| 教育部推荐教材 21世纪高职高专系列规划教材 基础课、公共课 |
| ISBN 7-303-08060-0:CNY37.50 |
| 本书涵盖无机化学、有机化学、分析化学、生物化学的基础知识、化学计算技能和操作技能。介绍了化学实验基本操作原理、基本操作方法和常用仪器的使用方法。 |
| ● |
| 相关链接 |
|
|
|
|
正题名:农业基础化学
索取号:S13/82
 
预约/预借
| 序号 | 登录号 | 条形码 | 馆藏地/架位号 | 状态 | 备注 |
| 1 | 0848947 | 208489474 | 第二样本阅览室/ [索取号:S13/82] | 在馆 | |
| 2 | 0848948 | 208489483 | 密集书库-化学系/ [索取号:S13/82] | 在馆 | |
| 3 | 0848949 | 208489492 | 第三借阅区/ [索取号:S13/82] | 在馆 | |
| 4 | 0848950 | 208489508 | 第三借阅区/ [索取号:S13/82] | 在馆 |